[Event "DEM U16w 2024"]
[Site "Willingen GER"]
[Date "2024.05.22"]
[Round "6"]
[White "Bezsonna, Polina"]
[Black "Fock, Madiha"]
[Result "0-1"]
[Termination "normal"]
[Board "6"]
[WhiteElo "1788"]
[BlackElo "1780"]
[WhiteClock "00:11:02"]
[BlackClock "00:13:41"]
[PlyCount "88"]
[WhiteFideId "14191156"]
[BlackFideId "16253574"]
[EventCountry "GER"]
[EventRounds "9"]
[EventType "swiss"]
[EventDate "2024.05.18"]

1. e4 {[%clk 01:30:59]} {[%emt 00:00:01]} c5 {[%clk 01:30:56]} {[%emt
00:00:05]} 2. Nf3 {[%clk 01:31:23]} {[%emt 00:00:05]} d6 {[%clk 01:31:21]}
{[%emt 00:00:05]} 3. d4 {[%clk 01:31:44]} {[%emt 00:00:09]} cxd4 {[%clk
01:31:46]} {[%emt 00:00:05]} 4. Nxd4 {[%clk 01:32:09]} {[%emt 00:00:05]} Nf6
{[%clk 01:32:11]} {[%emt 00:00:05]} 5. Nc3 {[%clk 01:32:32]} {[%emt 00:00:06]}
a6 {[%clk 01:32:38]} {[%emt 00:00:04]} 6. Rg1 {[%clk 01:32:49]} {[%emt
00:00:13]} e6 {[%clk 01:31:35]} {[%emt 00:01:33]} 7. g4 {[%clk 01:32:43]}
{[%emt 00:00:35]} b5 {[%clk 01:31:51]} {[%emt 00:00:15]} 8. g5 {[%clk
01:32:11]} {[%emt 00:01:03]} Nfd7 {[%clk 01:32:14]} {[%emt 00:00:06]} 9. a3
{[%clk 01:32:24]} {[%emt 00:00:17]} Bb7 {[%clk 01:31:18]} {[%emt 00:01:25]} 10.
f4 {[%clk 01:31:52]} {[%emt 00:01:03]} Nb6 {[%clk 01:28:52]} {[%emt 00:02:57]}
11. Rg3 {[%clk 01:29:57]} {[%emt 00:02:25]} N8d7 {[%clk 01:25:01]} {[%emt
00:04:21]} 12. Be3 {[%clk 01:24:32]} {[%emt 00:05:54]} Rc8 {[%clk 01:19:40]}
{[%emt 00:05:50]} 13. Qf3 {[%clk 01:13:50]} {[%emt 00:11:12]} Nc4 {[%clk
01:07:48]} {[%emt 00:12:23]} 14. Bxc4 {[%clk 01:03:32]} {[%emt 00:10:48]} Rxc4
{[%clk 01:08:06]} {[%emt 00:00:12]} 15. O-O-O {[%clk 01:03:24]} {[%emt
00:00:38]} Rxc3 {[%clk 00:59:55]} {[%emt 00:08:41]} 16. bxc3 {[%clk 00:59:14]}
{[%emt 00:04:40]} d5 {[%clk 01:00:20]} {[%emt 00:00:06]} 17. Nb3 {[%clk
00:52:27]} {[%emt 00:07:17]} dxe4 {[%clk 00:55:30]} {[%emt 00:05:20]} 18. Qf2
{[%clk 00:52:04]} {[%emt 00:00:52]} Bxa3+ {[%clk 00:55:23]} {[%emt 00:00:37]}
19. Kb1 {[%clk 00:52:30]} {[%emt 00:00:04]} Qc7 {[%clk 00:51:56]} {[%emt
00:03:57]} 20. Qd2 {[%clk 00:47:12]} {[%emt 00:05:47]} Bd5 {[%clk 00:47:06]}
{[%emt 00:05:21]} 21. Qd4 {[%clk 00:44:16]} {[%emt 00:03:26]} O-O {[%clk
00:44:50]} {[%emt 00:02:46]} 22. f5 {[%clk 00:37:45]} {[%emt 00:07:01]} Rc8
{[%clk 00:28:07]} {[%emt 00:17:13]} 23. g6 {[%clk 00:28:45]} {[%emt 00:09:29]}
hxg6 {[%clk 00:25:35]} {[%emt 00:03:02]} 24. fxg6 {[%clk 00:26:22]} {[%emt
00:02:54]} f6 {[%clk 00:25:25]} {[%emt 00:00:40]} 25. Bg1 {[%clk 00:16:22]}
{[%emt 00:10:29]} Bd6 {[%clk 00:24:50]} {[%emt 00:01:06]} 26. Rh3 {[%clk
00:16:39]} {[%emt 00:00:13]} Ne5 {[%clk 00:24:39]} {[%emt 00:00:41]} 27. Qa7
{[%clk 00:15:15]} {[%emt 00:01:54]} Qxa7 {[%clk 00:19:42]} {[%emt 00:05:26]}
28. Bxa7 {[%clk 00:15:43]} {[%emt 00:00:03]} Nxg6 {[%clk 00:19:54]} {[%emt
00:00:18]} 29. Bd4 {[%clk 00:10:47]} {[%emt 00:05:26]} Nf4 {[%clk 00:18:13]}
{[%emt 00:02:11]} 30. Re3 {[%clk 00:09:46]} {[%emt 00:01:31]} e5 {[%clk
00:16:18]} {[%emt 00:02:24]} 31. Bb6 {[%clk 00:09:53]} {[%emt 00:00:23]} Be7
{[%clk 00:16:03]} {[%emt 00:00:45]} 32. Rg1 {[%clk 00:09:34]} {[%emt 00:00:50]}
Rc6 {[%clk 00:14:21]} {[%emt 00:02:12]} 33. Ba5 {[%clk 00:08:23]} {[%emt
00:01:40]} Bxb3 {[%clk 00:14:26]} {[%emt 00:00:25]} 34. cxb3 {[%clk 00:08:41]}
{[%emt 00:00:13]} Bc5 {[%clk 00:14:52]} {[%emt 00:00:03]} 35. Rge1 {[%clk
00:08:20]} {[%emt 00:00:51]} Bxe3 {[%clk 00:11:47]} {[%emt 00:03:35]} 36. Rxe3
{[%clk 00:08:42]} {[%emt 00:00:08]} Nd5 {[%clk 00:12:05]} {[%emt 00:00:13]} 37.
Rxe4 {[%clk 00:08:59]} {[%emt 00:00:12]} Nxc3+ {[%clk 00:12:27]} {[%emt
00:00:08]} 38. Bxc3 {[%clk 00:09:16]} {[%emt 00:00:13]} Rxc3 {[%clk 00:12:55]}
{[%emt 00:00:03]} 39. Kb2 {[%clk 00:09:24]} {[%emt 00:00:22]} Rh3 {[%clk
00:13:14]} {[%emt 00:00:10]} 40. Re2 {[%clk 00:09:41]} {[%emt 00:00:13]} Kf7
{[%clk 00:13:33]} {[%emt 00:00:12]} 41. Ka3 {[%clk 00:10:02]} {[%emt 00:00:09]}
a5 {[%clk 00:13:00]} {[%emt 00:01:03]} 42. Kb2 {[%clk 00:10:22]} {[%emt
00:00:10]} a4 {[%clk 00:12:55]} {[%emt 00:00:34]} 43. bxa4 {[%clk 00:10:43]}
{[%emt 00:00:09]} bxa4 {[%clk 00:13:21]} {[%emt 00:00:04]} 44. Ka2 {[%clk
00:11:02]} {[%emt 00:00:11]} Ke6 {[%clk 00:13:41]} {[%emt 00:00:10]} 0-1

[Event "DEM U16w 2024"]
[Site "Willingen GER"]
[Date "2024.05.22"]
[Round "6"]
[White "Reich, Elisabeth"]
[Black "Hoffmann, Sophia"]
[Result "1/2-1/2"]
[Termination "normal"]
[Board "8"]
[WhiteElo "1799"]
[BlackElo "1692"]
[WhiteClock "00:14:04"]
[BlackClock "00:00:46"]
[PlyCount "75"]
[WhiteFideId "16239776"]
[BlackFideId "16259130"]
[EventCountry "GER"]
[EventRounds "9"]
[EventType "swiss"]
[EventDate "2024.05.18"]

1. e4 {[%clk 01:30:58]} {[%emt 00:00:03]} e5 {[%clk 01:30:54]} {[%emt
00:00:06]} 2. Nf3 {[%clk 01:31:25]} {[%emt 00:00:03]} Nc6 {[%clk 01:31:18]}
{[%emt 00:00:06]} 3. Bc4 {[%clk 01:31:52]} {[%emt 00:00:02]} Bc5 {[%clk
01:31:42]} {[%emt 00:00:07]} 4. c3 {[%clk 01:31:46]} {[%emt 00:00:36]} Nf6
{[%clk 01:31:35]} {[%emt 00:00:37]} 5. d3 {[%clk 01:32:11]} {[%emt 00:00:04]}
d6 {[%clk 01:31:43]} {[%emt 00:00:23]} 6. Nbd2 {[%clk 01:32:29]} {[%emt
00:00:11]} a6 {[%clk 01:31:01]} {[%emt 00:01:13]} 7. Bb3 {[%clk 01:32:30]}
{[%emt 00:00:29]} Ba7 {[%clk 01:30:48]} {[%emt 00:00:43]} 8. O-O {[%clk
01:32:50]} {[%emt 00:00:09]} h6 {[%clk 01:29:53]} {[%emt 00:01:26]} 9. Qe2
{[%clk 01:30:14]} {[%emt 00:03:05]} O-O {[%clk 01:24:34]} {[%emt 00:05:50]} 10.
h3 {[%clk 01:29:47]} {[%emt 00:00:56]} Nh5 {[%clk 01:15:05]} {[%emt 00:09:59]}
11. Rd1 {[%clk 01:21:35]} {[%emt 00:08:40]} Nf4 {[%clk 01:01:02]} {[%emt
00:14:34]} 12. Qf1 {[%clk 01:21:56]} {[%emt 00:00:09]} Qf6 {[%clk 00:59:26]}
{[%emt 00:02:07]} 13. Kh2 {[%clk 01:11:10]} {[%emt 00:11:04]} g5 {[%clk
00:53:22]} {[%emt 00:06:46]} 14. Ng1 {[%clk 01:07:40]} {[%emt 00:03:55]} g4
{[%clk 00:46:42]} {[%emt 00:07:15]} 15. Nc4 {[%clk 01:02:36]} {[%emt 00:05:33]}
gxh3 {[%clk 00:34:42]} {[%emt 00:12:30]} 16. g3 {[%clk 00:51:19]} {[%emt
00:11:48]} Nh5 {[%clk 00:27:46]} {[%emt 00:07:24]} 17. Ne3 {[%clk 00:46:05]}
{[%emt 00:05:45]} Kh7 {[%clk 00:16:22]} {[%emt 00:11:55]} 18. Nxh3 {[%clk
00:30:28]} {[%emt 00:16:06]} Bxh3 {[%clk 00:11:36]} {[%emt 00:05:16]} 19. Kxh3
{[%clk 00:30:45]} {[%emt 00:00:12]} Rg8 {[%clk 00:04:22]} {[%emt 00:07:45]} 20.
Nf5 {[%clk 00:25:23]} {[%emt 00:05:52]} Rg6 {[%clk 00:01:59]} {[%emt 00:02:54]}
21. Qe2 {[%clk 00:23:59]} {[%emt 00:01:51]} Ng7 {[%clk 00:01:43]} {[%emt
00:00:47]} 22. Nxg7 {[%clk 00:23:55]} {[%emt 00:00:36]} Rxg7 {[%clk 00:01:26]}
{[%emt 00:00:47]} 23. Be3 {[%clk 00:23:55]} {[%emt 00:00:29]} Bxe3 {[%clk
00:01:19]} {[%emt 00:00:38]} 24. Qxe3 {[%clk 00:24:17]} {[%emt 00:00:07]} Rag8
{[%clk 00:01:18]} {[%emt 00:00:31]} 25. Rh1 {[%clk 00:23:35]} {[%emt 00:01:11]}
Ne7 {[%clk 00:00:45]} {[%emt 00:01:05]} 26. Kg2 {[%clk 00:23:46]} {[%emt
00:00:18]} Rg5 {[%clk 00:00:48]} {[%emt 00:00:28]} 27. Qf3 {[%clk 00:21:25]}
{[%emt 00:02:50]} Qxf3+ {[%clk 00:00:54]} {[%emt 00:00:25]} 28. Kxf3 {[%clk
00:21:54]} Rf8 {[%clk 00:01:00]} {[%emt 00:00:24]} 29. Rh2 {[%clk 00:21:59]}
{[%emt 00:00:23]} f5 {[%clk 00:00:52]} {[%emt 00:00:40]} 30. exf5 {[%clk
00:21:26]} {[%emt 00:01:02]} Nxf5 {[%clk 00:00:45]} {[%emt 00:00:37]} 31. Ke2
{[%clk 00:20:00]} {[%emt 00:01:55]} c6 {[%clk 00:00:42]} {[%emt 00:00:35]} 32.
Rah1 {[%clk 00:20:23]} {[%emt 00:00:06]} Rg6 {[%clk 00:00:47]} {[%emt
00:00:26]} 33. Bc2 {[%clk 00:19:37]} {[%emt 00:01:15]} d5 {[%clk 00:01:01]}
{[%emt 00:00:17]} 34. Bd1 {[%clk 00:18:52]} {[%emt 00:01:13]} d4 {[%clk
00:00:44]} {[%emt 00:00:49]} 35. Kd2 {[%clk 00:18:44]} {[%emt 00:00:37]} Rd8
{[%clk 00:00:44]} {[%emt 00:00:31]} 36. c4 {[%clk 00:17:18]} {[%emt 00:01:56]}
Nd6 {[%clk 00:00:42]} {[%emt 00:00:32]} 37. g4 {[%clk 00:15:21]} {[%emt
00:02:26]} Nf7 {[%clk 00:00:46]} {[%emt 00:00:27]} 38. Bf3 {[%clk 00:14:04]}
{[%emt 00:01:46]} 1/2-1/2

[Event "DEM U16w 2024"]
[Site "Willingen GER"]
[Date "2024.05.22"]
[Round "6"]
[White "Stepanjan, Marianne"]
[Black "Wartenberg, Alissa"]
[Result "1/2-1/2"]
[Termination "normal"]
[Board "9"]
[WhiteElo "1769"]
[BlackElo "1820"]
[WhiteClock "00:06:01"]
[BlackClock "00:05:26"]
[PlyCount "51"]
[WhiteFideId "16246110"]
[BlackFideId "16280741"]
[EventCountry "GER"]
[EventRounds "9"]
[EventType "swiss"]
[EventDate "2024.05.18"]

1. e4 {[%clk 01:30:59]} {[%emt 02:38:01]} c5 {[%clk 01:30:57]} 2. Nf3 {[%clk
01:31:26]} {[%emt 00:00:07]} Nc6 {[%clk 01:31:17]} {[%emt 00:00:10]} 3. d4
{[%clk 01:31:52]} {[%emt 00:00:03]} cxd4 {[%clk 01:31:44]} {[%emt 00:00:03]} 4.
Nxd4 {[%clk 01:32:18]} {[%emt 00:00:04]} Nf6 {[%clk 01:32:05]} {[%emt
00:00:09]} 5. Nc3 {[%clk 01:32:44]} {[%emt 00:00:04]} g6 {[%clk 01:32:31]}
{[%emt 00:00:04]} 6. Be3 {[%clk 01:30:49]} {[%emt 00:02:25]} Bg7 {[%clk
01:32:56]} {[%emt 00:00:05]} 7. Bc4 {[%clk 01:26:52]} {[%emt 00:04:27]} O-O
{[%clk 01:33:11]} 8. Bb3 {[%emt 00:02:12]} Re8 9. O-O {[%clk 01:25:25]} e6
{[%clk 01:33:29]} 10. Ndb5 {[%emt 00:07:49]} d5 11. exd5 exd5 12. Bxd5 Ng4 13.
Bf4 Be5 14. Bxe5 {[%clk 01:20:57]} Ncxe5 {[%clk 01:24:48]} 15. h3 {[%emt
01:43:14]} a6 16. Nd4 Nf6 17. Nf3 Qb6 18. Bb3 Bf5 19. Nxe5 Rxe5 20. Re1 Rae8
21. Rxe5 Rxe5 22. Qf3 Kg7 23. Rd1 {[%clk 00:32:57]} Qc7 {[%clk 00:25:58]} 24.
Ra1 {[%clk 00:11:41]} {[%emt 00:56:54]} Qb6 {[%clk 00:09:37]} {[%emt 00:03:51]}
25. Rd1 {[%clk 00:10:11]} {[%emt 00:01:57]} Qc7 {[%clk 00:05:26]} {[%emt
00:04:44]} 26. Kf1 {[%clk 00:06:01]} {[%emt 00:04:40]} 1/2-1/2

[Event "DEM U16w 2024"]
[Site "Willingen GER"]
[Date "2024.05.22"]
[Round "6"]
[White "Breja, Eva"]
[Black "Loos, Tilda"]
[Result "0-1"]
[Termination "normal"]
[Board "11"]
[WhiteElo "1390"]
[BlackElo "1667"]
[WhiteClock "00:55:38"]
[BlackClock "00:08:56"]
[PlyCount "80"]
[WhiteFideId "34639632"]
[BlackFideId "34620559"]
[EventCountry "GER"]
[EventRounds "9"]
[EventType "swiss"]
[EventDate "2024.05.18"]

1. e4 {[%clk 01:30:57]} {[%emt 00:00:02]} c5 {[%clk 01:30:57]} {[%emt
00:00:04]} 2. Nf3 {[%clk 01:31:15]} {[%emt 00:00:12]} Nc6 {[%clk 01:31:23]}
{[%emt 00:00:04]} 3. d4 {[%clk 01:31:28]} {[%emt 00:00:16]} cxd4 {[%clk
01:31:49]} {[%emt 00:00:04]} 4. Nxd4 {[%clk 01:31:50]} {[%emt 00:00:08]} Nf6
{[%clk 01:32:16]} {[%emt 00:00:04]} 5. Nc3 {[%clk 01:31:45]} {[%emt 00:00:35]}
e5 {[%clk 01:32:41]} {[%emt 00:00:05]} 6. Ndb5 {[%clk 01:31:56]} {[%emt
00:00:19]} d6 {[%clk 01:33:05]} {[%emt 00:00:06]} 7. Na3 {[%clk 01:31:57]}
{[%emt 00:00:29]} Bg4 {[%clk 01:32:06]} {[%emt 00:01:29]} 8. Be2 {[%clk
01:30:00]} {[%emt 00:02:27]} Bxe2 {[%clk 01:30:15]} {[%emt 00:02:21]} 9. Qxe2
{[%clk 01:30:16]} {[%emt 00:00:14]} Nd4 {[%clk 01:28:35]} {[%emt 00:02:10]} 10.
Qd3 {[%clk 01:28:29]} {[%emt 00:02:15]} Be7 {[%clk 01:22:04]} {[%emt 00:07:03]}
11. O-O {[%clk 01:27:36]} {[%emt 00:01:21]} O-O {[%clk 01:21:48]} {[%emt
00:00:47]} 12. Bg5 {[%clk 01:27:03]} {[%emt 00:01:03]} Nd7 {[%clk 01:15:27]}
{[%emt 00:06:52]} 13. Bxe7 {[%emt 00:02:22]} Qxe7 {[%clk 01:15:10]} {[%emt
00:00:44]} 14. Nd5 {[%clk 01:25:05]} {[%emt 00:00:38]} Qd8 {[%clk 01:13:44]}
{[%emt 00:01:57]} 15. Nc4 {[%clk 01:24:40]} {[%emt 00:00:52]} Nc5 {[%clk
01:12:12]} {[%emt 00:02:03]} 16. Qd1 {[%clk 01:20:32]} {[%emt 00:04:39]} Nxe4
{[%clk 01:08:26]} {[%emt 00:04:17]} 17. c3 {[%clk 01:18:48]} {[%emt 00:02:13]}
Nb5 {[%clk 01:03:30]} {[%emt 00:05:27]} 18. Nce3 {[%clk 01:13:55]} {[%emt
00:05:23]} Nc7 {[%clk 00:36:12]} {[%emt 00:27:48]} 19. Nxc7 {[%clk 01:07:25]}
{[%emt 00:06:59]} Qxc7 {[%clk 00:36:37]} {[%emt 00:00:06]} 20. Nd5 {[%clk
01:05:34]} {[%emt 00:02:20]} Qd8 {[%clk 00:36:39]} {[%emt 00:00:28]} 21. Qf3
{[%clk 01:03:50]} {[%emt 00:02:13]} Nd2 {[%clk 00:35:10]} {[%emt 00:02:00]} 22.
Qg3 {[%clk 01:03:46]} {[%emt 00:00:34]} Nxf1 {[%clk 00:35:17]} {[%emt
00:00:23]} 23. Rxf1 {[%clk 01:04:05]} {[%emt 00:00:11]} Rc8 {[%clk 00:33:49]}
{[%emt 00:01:58]} 24. b4 {[%clk 01:02:21]} {[%emt 00:02:15]} a5 {[%clk
00:29:18]} {[%emt 00:05:00]} 25. a3 {[%clk 01:02:35]} {[%emt 00:00:16]} Re8
{[%clk 00:27:08]} {[%emt 00:02:40]} 26. f4 {[%clk 01:02:33]} {[%emt 00:00:32]}
e4 {[%clk 00:25:06]} {[%emt 00:02:32]} 27. f5 {[%clk 01:00:46]} {[%emt
00:02:17]} f6 {[%clk 00:22:48]} {[%emt 00:02:47]} 28. Rf4 {[%clk 01:00:41]}
{[%emt 00:00:35]} Rc7 {[%clk 00:15:22]} {[%emt 00:07:56]} 29. Rh4 {[%clk
00:57:36]} {[%emt 00:03:34]} e3 {[%clk 00:11:05]} {[%emt 00:04:48]} 30. Kf1
{[%clk 00:56:25]} {[%emt 00:01:40]} Re5 {[%clk 00:07:07]} {[%emt 00:04:28]} 31.
Nxc7 {[%clk 00:55:43]} {[%emt 00:01:13]} Qxc7 {[%clk 00:07:36]} {[%emt
00:00:01]} 32. Qg4 {[%clk 00:55:09]} {[%emt 00:01:01]} e2+ {[%clk 00:07:06]}
{[%emt 00:01:03]} 33. Qxe2 {[%clk 00:53:49]} {[%emt 00:01:49]} Rxe2 {[%clk
00:07:28]} {[%emt 00:00:09]} 34. Kxe2 {[%clk 00:54:11]} {[%emt 00:00:08]} Qxc3
{[%clk 00:07:31]} {[%emt 00:00:27]} 35. Rh3 {[%clk 00:54:26]} {[%emt 00:00:14]}
Qe5+ {[%clk 00:07:41]} {[%emt 00:00:21]} 36. Re3 {[%clk 00:54:37]} {[%emt
00:00:19]} Qxf5 {[%clk 00:08:00]} {[%emt 00:00:12]} 37. Re8+ {[%clk 00:54:48]}
{[%emt 00:00:18]} Kf7 {[%clk 00:08:28]} {[%emt 00:00:03]} 38. Rb8 {[%clk
00:55:07]} {[%emt 00:00:10]} Qb5+ {[%clk 00:08:37]} {[%emt 00:00:20]} 39. Ke3
{[%clk 00:55:15]} {[%emt 00:00:23]} axb4 {[%clk 00:08:56]} {[%emt 00:00:11]}
40. axb4 {[%clk 00:55:38]} {[%emt 00:00:06]} Qxb4 {[%emt 00:00:22]} 0-1

[Event "DEM U16w 2024"]
[Site "Willingen GER"]
[Date "2024.05.22"]
[Round "6"]
[White "Neumann, Helena"]
[Black "Rabe, Elina"]
[Result "1-0"]
[Termination "normal"]
[Board "12"]
[WhiteElo "1836"]
[BlackElo "1551"]
[WhiteClock "00:39:55"]
[BlackClock "00:28:56"]
[PlyCount "77"]
[WhiteFideId "16275365"]
[BlackFideId "34623531"]
[EventCountry "GER"]
[EventRounds "9"]
[EventType "swiss"]
[EventDate "2024.05.18"]

1. e4 {[%clk 01:30:59]} e5 {[%clk 01:30:59]} {[%emt 00:00:02]} 2. Nf3 {[%clk
01:31:22]} {[%emt 00:00:07]} Nc6 {[%clk 01:31:25]} {[%emt 00:00:04]} 3. Bc4
{[%clk 01:31:49]} {[%emt 00:00:03]} Bc5 {[%clk 01:31:53]} {[%emt 00:00:02]} 4.
c3 {[%clk 01:32:15]} {[%emt 00:00:05]} Nf6 {[%clk 01:32:15]} {[%emt 00:00:08]}
5. d3 {[%clk 01:32:40]} {[%emt 00:00:05]} d6 {[%clk 01:32:31]} {[%emt
00:00:14]} 6. Nbd2 {[%clk 01:33:04]} {[%emt 00:00:05]} a6 {[%clk 01:32:50]}
{[%emt 00:00:11]} 7. O-O {[%clk 01:33:29]} {[%emt 00:00:05]} O-O {[%clk
01:33:17]} {[%emt 00:00:03]} 8. h3 {[%clk 01:33:54]} {[%emt 00:00:04]} h6
{[%clk 01:33:41]} {[%emt 00:00:06]} 9. Re1 {[%clk 01:34:21]} {[%emt 00:00:03]}
Re8 {[%clk 01:34:00]} {[%emt 00:00:11]} 10. Bb3 {[%clk 01:34:32]} {[%emt
00:00:19]} Be6 {[%clk 01:33:54]} {[%emt 00:00:36]} 11. Bc2 {[%clk 01:32:14]}
{[%emt 00:02:48]} Ba7 {[%clk 01:32:23]} {[%emt 00:02:01]} 12. Nf1 {[%clk
01:31:53]} {[%emt 00:00:50]} Bd7 {[%clk 01:29:39]} {[%emt 00:03:15]} 13. Ng3
{[%clk 01:30:03]} {[%emt 00:02:20]} Ne7 {[%clk 01:28:13]} {[%emt 00:01:56]} 14.
d4 {[%clk 01:28:18]} {[%emt 00:02:15]} Ng6 {[%clk 01:28:03]} {[%emt 00:00:40]}
15. dxe5 {[%clk 01:18:46]} {[%emt 00:10:02]} dxe5 {[%clk 01:27:58]} {[%emt
00:00:34]} 16. Qe2 {[%clk 01:18:50]} {[%emt 00:00:26]} Bb5 {[%clk 01:23:20]}
{[%emt 00:05:08]} 17. c4 {[%clk 01:17:47]} {[%emt 00:01:33]} Bd7 {[%clk
01:22:09]} {[%emt 00:01:40]} 18. Bd2 {[%clk 01:15:36]} {[%emt 00:02:41]} c6
{[%clk 01:20:46]} {[%emt 00:01:54]} 19. Rad1 {[%clk 01:14:38]} {[%emt
00:01:28]} b5 {[%clk 01:17:07]} {[%emt 00:04:09]} 20. Nf5 {[%clk 01:09:25]}
{[%emt 00:05:43]} Qc7 {[%clk 01:10:48]} {[%emt 00:06:49]} 21. g3 {[%clk
01:02:47]} {[%emt 00:07:08]} Rad8 {[%clk 01:06:30]} {[%emt 00:04:47]} 22. Bc3
{[%clk 00:59:17]} {[%emt 00:04:00]} Be6 {[%clk 00:58:59]} {[%emt 00:08:01]} 23.
Bd3 {[%clk 00:57:01]} {[%emt 00:02:45]} Nd7 {[%clk 00:53:35]} {[%emt 00:05:55]}
24. b4 {[%clk 00:52:44]} {[%emt 00:04:48]} f6 {[%clk 00:49:26]} {[%emt
00:04:38]} 25. c5 {[%clk 00:49:20]} {[%emt 00:03:55]} Ne7 {[%clk 00:47:37]}
{[%emt 00:02:18]} 26. Nd6 {[%clk 00:49:32]} {[%emt 00:00:18]} Rf8 {[%clk
00:47:50]} {[%emt 00:00:16]} 27. Kh2 {[%clk 00:47:55]} {[%emt 00:02:08]} a5
{[%clk 00:46:13]} {[%emt 00:02:08]} 28. a3 {[%clk 00:46:50]} {[%emt 00:01:35]}
a4 {[%clk 00:45:58]} {[%emt 00:00:44]} 29. Bb1 {[%clk 00:45:37]} {[%emt
00:01:43]} Kh7 {[%emt 00:03:07]} 30. Ba2 {[%clk 00:45:41]} {[%emt 00:00:22]}
Bxa2 {[%clk 00:43:52]} {[%emt 00:00:04]} 31. Qxa2 {[%clk 00:46:07]} {[%emt
00:00:04]} Nb8 {[%clk 00:40:51]} {[%emt 00:03:30]} 32. Nh4 {[%clk 00:44:29]}
{[%emt 00:02:08]} Rd7 {[%clk 00:32:10]} {[%emt 00:09:10]} 33. f4 {[%clk
00:40:40]} {[%emt 00:04:19]} exf4 {[%clk 00:31:31]} {[%emt 00:01:09]} 34. gxf4
{[%clk 00:41:05]} {[%emt 00:00:06]} Ng6 {[%clk 00:29:52]} {[%emt 00:02:08]} 35.
Nxg6 {[%clk 00:40:43]} {[%emt 00:00:52]} Kxg6 {[%clk 00:30:20]} {[%emt
00:00:03]} 36. e5 {[%clk 00:39:01]} {[%emt 00:02:12]} fxe5 {[%clk 00:29:36]}
{[%emt 00:01:14]} 37. Qc2+ {[%clk 00:39:22]} {[%emt 00:00:10]} Kf6 {[%clk
00:28:29]} {[%emt 00:01:36]} 38. Qf5+ {[%clk 00:39:31]} {[%emt 00:00:21]} Ke7
{[%clk 00:28:56]} {[%emt 00:00:04]} 39. Rxe5+ {[%clk 00:39:55]} {[%emt
00:00:06]} 1-0

[Event "DEM U16w 2024"]
[Site "Willingen GER"]
[Date "2024.05.22"]
[Round "6"]
[White "Englert, Lin"]
[Black "Heuberger, Sandra"]
[Result "1/2-1/2"]
[Termination "normal"]
[Board "13"]
[WhiteElo "1725"]
[BlackElo "1555"]
[WhiteClock "00:31:03"]
[BlackClock "00:48:11"]
[PlyCount "59"]
[WhiteFideId "16226410"]
[BlackFideId "16232151"]
[EventCountry "GER"]
[EventRounds "9"]
[EventType "swiss"]
[EventDate "2024.05.18"]

1. d4 {[%clk 01:30:58]} {[%emt 00:00:01]} d5 {[%clk 01:30:56]} {[%emt
00:00:05]} 2. c4 {[%clk 01:31:22]} {[%emt 00:00:06]} e6 {[%clk 01:31:23]}
{[%emt 00:00:04]} 3. Nc3 {[%clk 01:31:38]} {[%emt 00:00:14]} Nf6 {[%clk
01:31:32]} {[%emt 00:00:21]} 4. cxd5 {[%clk 01:31:43]} {[%emt 00:00:25]} exd5
{[%clk 01:31:11]} {[%emt 00:00:51]} 5. Bg5 {[%clk 01:31:38]} {[%emt 00:00:35]}
c6 {[%clk 01:30:10]} {[%emt 00:01:32]} 6. e3 {[%clk 01:30:43]} {[%emt
00:01:24]} Bd6 {[%clk 01:28:43]} {[%emt 00:01:57]} 7. Bd3 {[%clk 01:29:47]}
{[%emt 00:01:26]} h6 {[%clk 01:27:57]} {[%emt 00:01:17]} 8. Bh4 {[%clk
01:29:32]} {[%emt 00:00:44]} Be6 {[%clk 01:26:56]} {[%emt 00:01:31]} 9. Nf3
{[%clk 01:29:12]} {[%emt 00:00:49]} Nbd7 {[%clk 01:26:11]} {[%emt 00:01:15]}
10. O-O {[%clk 01:28:47]} {[%emt 00:00:54]} Qc7 {[%clk 01:24:36]} {[%emt
00:02:05]} 11. Rc1 {[%clk 01:26:17]} {[%emt 00:03:00]} a6 {[%clk 01:23:04]}
{[%emt 00:02:03]} 12. a3 {[%clk 01:17:45]} {[%emt 00:09:02]} Bg4 {[%clk
01:18:23]} {[%emt 00:05:11]} 13. Bg3 {[%clk 01:17:19]} {[%emt 00:00:55]} Bxg3
{[%clk 01:17:41]} {[%emt 00:01:12]} 14. hxg3 {[%clk 01:16:19]} {[%emt
00:01:30]} O-O {[%clk 01:17:04]} {[%emt 00:01:07]} 15. Be2 {[%clk 01:15:54]}
{[%emt 00:00:55]} Ne4 {[%clk 01:11:27]} {[%emt 00:06:09]} 16. Nxd5 {[%clk
01:09:17]} {[%emt 00:07:06]} Qd6 {[%clk 01:09:04]} {[%emt 00:02:52]} 17. Nc3
{[%clk 01:09:07]} {[%emt 00:00:40]} Ndf6 {[%clk 01:05:32]} {[%emt 00:04:03]}
18. Nxe4 {[%clk 01:06:47]} {[%emt 00:02:50]} Nxe4 {[%clk 01:05:50]} {[%emt
00:00:11]} 19. Nd2 {[%clk 01:06:42]} {[%emt 00:00:34]} Bf5 {[%clk 01:03:57]}
{[%emt 00:02:24]} 20. Nxe4 {[%clk 01:05:49]} {[%emt 00:01:23]} Bxe4 {[%clk
01:03:58]} {[%emt 00:00:28]} 21. Bf3 {[%clk 01:04:38]} {[%emt 00:01:41]} Rfe8
{[%clk 01:01:12]} {[%emt 00:03:16]} 22. Bxe4 {[%clk 01:03:04]} {[%emt
00:02:04]} Rxe4 {[%clk 01:01:14]} {[%emt 00:00:27]} 23. Qb3 {[%clk 01:01:53]}
{[%emt 00:01:39]} Rb8 {[%clk 00:58:32]} {[%emt 00:03:14]} 24. Rc4 {[%clk
00:56:10]} {[%emt 00:06:09]} h5 {[%clk 00:55:43]} {[%emt 00:03:24]} 25. Qc2
{[%clk 00:53:52]} {[%emt 00:02:47]} Rbe8 {[%clk 00:54:33]} {[%emt 00:01:41]}
26. Rc5 {[%clk 00:42:19]} {[%emt 00:12:03]} h4 {[%clk 00:51:35]} {[%emt
00:03:28]} 27. gxh4 {[%clk 00:40:37]} {[%emt 00:02:11]} Rxh4 {[%clk 00:49:15]}
{[%emt 00:02:50]} 28. g3 {[%clk 00:40:01]} {[%emt 00:01:06]} Rh6 {[%clk
00:48:11]} {[%emt 00:01:33]} 29. Kg2 {[%clk 00:31:03]} b6 {[%clk 00:48:11]} 30.
Rg5 {[%clk 00:31:03]} 1/2-1/2